دلی کی تاریخ مساجد : (Record no. 108348)

MARC details
000 -LEADER
fixed length control field 00939nam a22002537a 4500
005 - DATE AND TIME OF LATEST TRANSACTION
control field 20170123162339.0
010 ## - LIBRARY OF CONGRESS CONTROL NUMBER
LC control number A-998741
020 ## - INTERNATIONAL STANDARD BOOK NUMBER
Terms of availability 100.00
035 ## - SYSTEM CONTROL NUMBER
System control number A-998741
037 ## - SOURCE OF ACQUISITION
Source of stock number/acquisition Cen Lib/Ret
040 ## - CATALOGING SOURCE
Original cataloging agency DPL
Language of cataloging UR
082 ## - DEWEY DECIMAL CLASSIFICATION NUMBER
Classification number 270.8095416
Item number ق ا س
100 ## - MAIN ENTRY--PERSONAL NAME
Personal name قاسمی، عطاالرحمان
9 (RLIN) 116258
245 ## - TITLE STATEMENT
Title دلی کی تاریخ مساجد :
Statement of responsibility, etc عطا الرحمان قاسمی
Remainder of title حصّہ دوم
246 ## - VARYING FORM OF TITLE
Title proper/short title Dehli ki tarikhi masajid : hissa dom /
Remainder of title by Ataur-Rehman
260 ## - PUBLICATION, DISTRIBUTION, ETC. (IMPRINT)
Place of publication, distribution, etc نیی دہلی
Name of publisher, distributor, etc مولانا آزاد اکادمی
Date of publication, distribution, etc 1998
270 ## - ADDRESS
City نیی دہلی
Address ٣٤، ابل فضل انکلیو
Postal code 110025
300 ## - PHYSICAL DESCRIPTION
Extent 184p.
Dimensions 21cm(Hb)
650 ## - SUBJECT ADDED ENTRY--TOPICAL TERM
Topical term or geographic name as entry element مذہب - اسلام
9 (RLIN) 125556
650 ## - SUBJECT ADDED ENTRY--TOPICAL TERM
Topical term or geographic name as entry element اسلامی تاریخ - مسجد
9 (RLIN) 125557
650 ## - SUBJECT ADDED ENTRY--TOPICAL TERM
Topical term or geographic name as entry element Religion -- Islam
9 (RLIN) 92070
650 ## - SUBJECT ADDED ENTRY--TOPICAL TERM
Topical term or geographic name as entry element Islamic history -- Mosque
9 (RLIN) 125558
942 ## - ADDED ENTRY ELEMENTS (KOHA)
Source of classification or shelving scheme Dewey Decimal Classification
Koha item type Urdu Bks
Classification part 270.8095416
Call number suffix ق ا س
Holdings
Withdrawn status Lost status Damaged status Not for loan Home library Current library Date acquired Source of acquisition Cost, normal purchase price Total Checkouts Full call number Barcode Date last seen Date checked out Copy number Cost, replacement price Price effective from Koha item type
        Central Library Central Library 18/01/2016 Cen Lib/Ret 100.00 1 270.8095416 ق ا س A-998741 07/09/2017 17/08/2017 1 100.00 18/01/2016 Urdu Bks

© Delhi Public Library
Hit Counter
free hit counter